| 000 | 01205cam a22002891i 4500 | ||
|---|---|---|---|
| 001 | l 22000197 | ||
| 003 | DLC | ||
| 005 | 20260227111528.0 | ||
| 008 | 761005s1922 dcua f000 0 eng | ||
| 010 | _al 22000197 | ||
| 035 | _a(OCoLC)2480758 | ||
| 040 |
_aDLC _cGMiW _dOCoLC _dDLC |
||
| 042 | _apremarc | ||
| 050 | 0 | 0 |
_aHD6593 _b.A35 no. 22 |
| 110 | 1 |
_aUnited States. _bWomen's Bureau. |
|
| 245 | 1 | 0 |
_aWomen in Georgia industries : _ba study of hours, wages, and working conditions. |
| 260 |
_aWashington : _bGov't print. off., _c1922. |
||
| 300 |
_avii, 89 p. ; _bdiagr. ; _c23 cm. |
||
| 490 | 0 |
_aBulletin ; _vno. 22 |
|
| 500 | _aAt head of title: U.S. Department of labor. James J. Davis, secretary. Women's bureau. Mary Anderson, director. | ||
| 500 | _a"The Atlanta survey was conducted by Miss Helen Bryan and the state-wide survey was conducted by Mrs. Ethel L. Best. The material secured was tabulated by the Women's bureau and the report written by Mrs. Ethel L. Best."--Letter of transmittal. | ||
| 650 | 0 |
_aWomen _xEmployment _zGeorgia. |
|
| 650 | 0 |
_aHours of labor _zGeorgia. |
|
| 650 | 0 |
_aWages _zGeorgia. |
|
| 700 | 1 |
_aBest, Ethel L. _q(Ethel Lombard) |
|
| 700 | 1 | _aBryan, Helen. | |
| 999 |
_c35638 _d35638 |
||